LEADER 01229nam0 22002773i 450 001 SUN0126656 005 20200212122215.925 010 $a978-88-15-25346-0$d0.00 100 $a20200212d2014 |0itac50 ba 101 $aita 102 $aIT 105 $a|||| ||||| 200 1 $aLa *giustificazione sociale dell'imposta$etributi e determinabilità della ricchezza tra diritto e politica$fDario Stevanato 210 $aBologna$cIl mulino$d2014 215 $a774 p.$d21 cm. 410 1$1001SUN0103542$12001 $a*Percorsi. Diritto$1210 $aBologna$cil Mulino. 606 $aImposte sul reddito$xLegislazione$xItalia$2EC$3SUNC035597 620 $dBologna$3SUNL000003 700 1$aStevanato$b, Dario$3SUNV002011$0235607 712 $aIl mulino$3SUNV000011$4650 801 $aIT$bSOL$c20200217$gRICA 912 $aSUN0126656 950 $aUFFICIO DI BIBLIOTECA DEL DIPARTIMENTO DI ECONOMIA$d03PREST IVGg16 $e03BDE1970 20200212 950 $aUFFICIO DI BIBLIOTECA DEL DIPARTIMENTO DI ECONOMIA$d03PREST IVGg16bis $e03BDE1971 20200212 996 $aGiustificazione sociale dell'imposta$91078401 997 $aUNICAMPANIA